Marken Logos #1 - Statistiken

Allgemein
  • Dieses Quiz wurde 2.363 mal gespielt
  • Das Durchschnittsergebnis liegt bei 11 aus 12
Antwortstatistiken
Bildquiz Antwort % Korrekt
Google
99%
Instagram
99%
Spotify
97%
Twitter
97%
Firefox
96%
Wikipedia
95%
T-Mobile
94%
Lacoste
93%
Skoda
90%
Mastercard
79%
The North Face
73%
Bacardi
47%
Keine übereinstimmenden Quizze gefunden
Verteilung der Resultate
Anzahl Personen mit jedem Resultat
Perzentil nach korrekt beantworteten Fragen
Ihre Resultats-Entwicklung
Sie haben dieses Quiz noch nicht gespielt